الاتحاد الأوروبي والعالم الثالث / (Record no. 6759)
[ view plain ]
| 000 -الفاتح | |
|---|---|
| حقل البيانات ثابتة الطول | 01010nac a22001691u 4500 |
| 008 - عناصر البيانات ثابتة الطول - معلومات عامة | |
| حقل البيانات ثابتة الطول | 101222s2006 xxu||||| |||| 00| 0 ara d |
| 082 ## - رقم تصنيف ديوى العشرى | |
| رقم التصنيف | 337.401724 |
| رقم المادة | هـ و ل |
| 100 1# - المدخل الرئيسى - إسم شخصى | |
| الإسم الشخصى | هولاند ، مارتن |
| 9 (RLIN) | 21628 |
| 245 ## - بيان العنوان | |
| العنوان | الاتحاد الأوروبي والعالم الثالث / |
| بيان المسئوليه,etc | مارتن هولاند ؛ نقله إلى العربية صالح فرحان الصالح |
| 260 ## - PUBLICATION, DISTRIBUTION, ETC. (IMPRINT) | |
| مكان الناشر او الموزع | دمشق : |
| اسم الناشر او الموزع | وزارة الثقافة ،2006 |
| تاريخ النشر أو التوزيع | 2006. |
| 300 ## - الوصف المادى | |
| التعداد | 359 ص : |
| تفاصيل ماديه اخرى للوعاء | ايض ؛ |
| أبعاد الوعاء | 24 سم. |
| 651 ## - المدخل الاضافى بالموضوع - اسم جغرافى | |
| 9 (RLIN) | 21970 |
| الاسم الجغرافي | الدول النامية |
| التقسيم الفرعي العام | العلاقات الخارجية |
| التقسيم الفرعي الجغرافي | الاتحاد الأوروبي |
| 651 ## - المدخل الاضافى بالموضوع - اسم جغرافى | |
| 9 (RLIN) | 21971 |
| الاسم الجغرافي | الاتحاد الأوروبي |
| التقسيم الفرعي العام | العلاقات الخارجية |
| التقسيم الفرعي الجغرافي | الدول النامية |
| 700 1# - المدخل الاضافى - اسم شخصى | |
| الإسم الشخصى | الصالح ، صالح فرحان |
| 9 (RLIN) | 21630 |
| 942 ## - عناصر المدخل الإضافي( كوها) | |
| Koha [default] item type | Book - Borrowing |
| سابقة رقم الطلب | 337.401724 هـ و ل |
| مصدر التصنيف او مخطط الترفيف | Dewey Decimal Classification |
| حالة التراجع | حالة الفقد | مصدر التصنيف او خطة الترفيف | تحديد مواد ( مجلدات مجمعه أو جزء أخر) | حالة تلف | ليس للاعارة | مجموعات كوها | المكان الدائم | المكان الحالي | موقع الترفيف | تاريخ الاكتساب | Source of acquisition | رقم الاستدعاء | الباركود | Date last seen | مُعار | نوع الوعاء |
|---|---|---|---|---|---|---|---|---|---|---|---|---|---|---|---|---|
| Dewey Decimal Classification | Lost_In_Inventory_11-6-2024 | Alef-Baa | Central Library | Central Library | First floor | 13/01/2011 | 337.401724 هـ و ل | 000008406 | 15/07/2025 | 03/04/2013 | Book - Borrowing |